[Event "EWIBCC 2019"]
[Site "Monte-Carlo"]
[Date "2019.11.29"]
[Round "4.20"]
[White "Unuk, Laura"]
[Black "Kazarian, Anna-Maja"]
[Result "0-1"]
[WhiteElo "2298"]
[BlackElo "2109"]
[Annotator "NA"]
[PlyCount "84"]
[EventDate "2019.11.29"]
[EventType "swiss"]
[EventCountry "MNC"]
[SourceTitle "playchess.com"]
[Source "ChessBase"]
[SourceQuality "1"]
[TimeControl "180+2"]

1. d4 {[%emt 0:00:00]} Nf6 {[%emt 0:00:00]} 2. Nf3 {[%emt 0:00:02]} d5 {[%emt 0:00:00]} 3. c4 {[%emt 0:00:01]} e6 {[%emt 0:00:01]} 4. g3 {[%emt 0:00:02]} Bb4+ {[%emt 0:00:01]} 5. Bd2 {[%emt 0:00:01]} Be7 {[%emt 0:00:01]} 6. Bg2 {[%emt 0:00:02]} O-O {[%emt 0:00:02]} 7. O-O {[%emt 0:00:02]} c6 {[%emt 0:00:01]} 8. Qc2 {[%emt 0:00:02]} b6 {[%emt 0:03:10]} 9. Bf4 {[%emt 0:00:02]} Bb7 {[%emt 0:00:00]} 10. Nc3 {[%emt 0:00:09]} Nbd7 {[%emt 0:00:00]} 11. b3 {[%emt 0:00:05]} Rc8 {[%emt 0:00:00]} 12. Rad1 {[%emt 0:00:05]} Ba6 {[%emt 0:00:00]} 13. Ne5 {[%emt 0:00:29]} Nxe5 {[%emt 0:00:00]} 14. dxe5 {[%emt 0:00:07]} Nd7 {[%emt 0:00:00]} 15. h4 {[%emt 0:00:11]} dxc4 {[%emt 0:00:00]} 16. bxc4 {[%emt 0:00:09]} Bxc4 {[%emt 0:00:00]} 17. Qa4 {[%emt 0:00:02]} b5 {[%emt 0:00:00]} 18. Qxa7 {[%emt 0:00:02]} Rc7 {[%emt 0:00:00]} 19. Qe3 {[%emt 0:00:30]} Qc8 {[%emt 0:00:00]} 20. Ne4 {[%emt 0:00:03]} Bxa2 {[%emt 0:00:00]} 21. h5 {[%emt 0:00:06]} Bd5 {[%emt 0:00:00]} 22. h6 {[%emt 0:00:02]} g6 {[%emt 0:00:00]} 23. Bg5 {[%emt 0:00:38]} Qd8 {[%emt 0:00:04]} 24. Bxe7 {[%emt 0:00:14]} Qxe7 {[%emt 0:00:01]} 25. Qf4 {[%emt 0:00:16]} f5 {[%emt 0:00:01]} 26. exf6 {[%emt 0:00:01]} Nxf6 {[%emt 0:00:01]} 27. Ng5 {[%emt 0:00:08]} Nh5 {[%emt 0:00:12]} 28. Qe3 {[%emt 0:00:04]} Rf5 {[%emt 0:00:06]} 29. Bxd5 {[%emt 0:00:10]} cxd5 {[%emt 0:00:04]} 30. Nxe6 {[%emt 0:00:02]} Rc6 {[%emt 0:00:05]} 31. Nd4 {[%emt 0:00:02]} Qxe3 {[%emt 0:00:01]} 32. fxe3 {[%emt 0:00:02]} Rxf1+ {[%emt 0:00:01]} 33. Rxf1 {[%emt 0:00:02]} Rb6 {[%emt 0:00:07]} 34. Kg2 {[%emt 0:00:01]} b4 {[%emt 0:00:00]} 35. g4 {[%emt 0:00:03]} Nf6 {[%emt 0:00:01]} 36. g5 {[%emt 0:00:01]} Ne4 {[%emt 0:00:01]} 37. Rc1 {[%emt 0:00:12]} Nxg5 {[%emt 0:00:04]} 38. Rc7 {[%emt 0:00:02]} b3 {[%emt 0:00:06]} 39. Rg7+ {[%emt 0:00:01]} Kf8 {[%emt 0:00:01]} 40. Rc7 {[%emt 0:00:03]} b2 {[%emt 0:00:01]} 41. Rc8+ {[%emt 0:00:01]} Ke7 {[%emt 0:00:01]} 42. Rc7+ {[%emt 0:00:03]} Kd6 {[%emt 0:00:02]} 0-1

[Event "EWIBCC 2019"]
[Site "Monte-Carlo"]
[Date "2019.11.29"]
[Round "5.1"]
[White "Gaponenko, Inna"]
[Black "Stefanova, Antoaneta"]
[Result "1-0"]
[WhiteElo "2427"]
[BlackElo "2481"]
[Annotator "TA"]
[PlyCount "153"]
[EventDate "2019.11.29"]
[EventType "swiss"]
[EventCountry "MNC"]
[SourceTitle "playchess.com"]
[Source "ChessBase"]
[SourceQuality "1"]

{[%evp 16,153,0,4,43,25,30,20,22,17,54,61,61,16,16,0,12,0,2,0,8,0,0,0,13,0,0,0,0,0,0,-9,0,0,12,16,60,67,157,150,136,103,110,120,142,79,77,49,76,71,81,58,27,0,0,0,0,0,0,0,0,0,0,0,0,0,0,0,0,0,0,-8,0,0,0,0,0,0,0,0,0,0,0,0,0,0,37,37,37,8,8,8,29961,29963,29965,29966,29966,29967,29966,0,29962,0,29967,29968,29969,122,29962,0,29969,29970,29971,29971,29974,29974,29974,29975,29975,29976,29976,29976,29976,29977,29977,29978,29978,29979,29979,29980,29980,29980,29984,29985,29985,29986,29986,29987,29989,29990,29990,29991]} 1. e4 e5 2. Nf3 Nc6 3. Bb5 a6 4. Bxc6 dxc6 5. O-O f6 6. d4 exd4 7. Nxd4 c5 8. Ne2 Qxd1 9. Rxd1 Bg4 {C69: Ruy Lopez: Exchange Variation with 5 0-0 f6} (9... Bd7 10. Nbc3 O-O-O 11. Be3 Re8 12. Rd2 Bc6 13. Rad1 b6 14. a4 Ne7 15. a5 Ng6 16. axb6 cxb6 17. Ng3 Ne5 18. b3 g6 19. h3 Be7 {½-½ (32) Nakamura,H (2746)-Anand,V (2773) Kolkata 2018}) 10. f3 Bd7 11. Be3 O-O-O {The position is equal.} 12. Nbc3 b6 13. a4 $146 ({Predecessor:} 13. Rd2 Re8 14. Rad1 Bc6 15. Nf4 Nh6 16. Nh5 Nf7 17. Bf4 {½-½ (33) Potkin,V (2518)-Maiorov,N (2376) Pardubice 2003}) 13... a5 14. Nf4 Bd6 15. Nfd5 {Threatens to win with Nxb6+!} Bc6 16. Bf4 Bxf4 17. Nxf4 Ne7 18. Ne6 Rxd1+ 19. Rxd1 Rg8 20. Nb5 Bxb5 $1 21. axb5 $11 {[%mdl 4096] Endgame KRN-KRN} g5 22. f4 gxf4 23. Nxf4 f5 24. e5 Ng6 25. Nxg6 $1 hxg6 {KR-KR} 26. Kf2 Re8 ({Better is} 26... Rh8 $14) 27. Rd5 $16 g5 28. Kf3 c6 29. bxc6 Kc7 30. h3 ({White should try} 30. c4) 30... Kxc6 31. Rd6+ Kc7 32. Rg6 g4+ 33. hxg4 fxg4+ 34. Kf4 Rf8+ 35. Ke3 Rf5 36. e6 Kd6 37. e7+ Kxe7 38. Rxb6 g3 39. Rb5 Kd6 40. Rxa5 {Hoping for b4!} Rf2 {[%mdl 64] Double Attack} 41. Ra6+ Kd5 42. Rg6 Rxg2 43. Kd3 Rg1 44. Rg5+ Kc6 45. Ke3 g2 46. Kd2 Kd6 47. Kc3 Ke6 48. Kc4 $1 Kf6 49. Rg8 Kf7 50. Rg3 (50. Rg5 {is more complex.} Kf6) 50... Rb1 51. Rxg2 {aiming for c3.} Rxb2 52. Kxc5 Ke7 53. Rd2 Rb8 $2 {[%mdl 8192] [#]} (53... Ra2 $11) 54. c4 $1 Rc8+ 55. Kb5 Rb8+ 56. Ka6 Rc8 57. Kb5 Rb8+ 58. Ka6 Rc8 $1 {[#]} 59. Rd4 $1 Ke6 60. Kb5 $2 (60. Kb7 {mates} Rc5 61. Kb6 Rh5 62. c5 Ke5 63. Rd1 Rh3 64. c6 Rb3+ 65. Ka7) 60... Rb8+ $2 {[%mdl 8192]} (60... Ke5 $16 61. Rh4 Kd6) 61. Ka6 Rc8 {If Black can now play ...Ke5 this consolidates a bit.} 62. Kb7 {White mates.} Rh8 63. c5 Ke5 64. Rd1 Rh7+ 65. Kb6 Rh2 66. c6 Rb2+ 67. Ka7 Rc2 68. Kb7 Rb2+ 69. Kc8 Ke6 70. c7 Ke7 71. Re1+ Kf7 72. Re4 Rb1 73. Kd7 Rd1+ 74. Kc6 Rc1+ 75. Kd6 Rd1+ 76. Kc5 Rc1+ 77. Rc4 {Accuracy: White = 63%, Black = 59%.} 1-0

[Event "EWIBCC 2019"]
[Site "Monte-Carlo"]
[Date "2019.11.29"]
[Round "5.3"]
[White "Zhukova, Natalia"]
[Black "Bodnaruk, Anastasia"]
[Result "0-1"]
[WhiteElo "2323"]
[BlackElo "2412"]
[Annotator "NA"]
[PlyCount "96"]
[EventDate "2019.11.29"]
[EventType "swiss"]
[EventCountry "MNC"]
[SourceTitle "playchess.com"]
[Source "ChessBase"]
[SourceQuality "1"]
[TimeControl "180+2"]

1. c4 {[%emt 0:00:00]} e5 {[%emt 0:00:00]} 2. Nc3 {[%emt 0:00:00]} d6 {[%emt 0:00:00]} 3. Nf3 {[%emt 0:00:01]} f5 {[%emt 0:00:11]} 4. g3 {[%emt 0:00:08]} g6 {[%emt 0:00:16]} 5. d4 {[%emt 0:00:03]} e4 {[%emt 0:00:11]} 6. Ng5 {[%emt 0:00:23]} Bg7 {[%emt 0:00:04]} 7. Bg2 {[%emt 0:00:03]} Nc6 {[%emt 0:00:20]} 8. d5 {[%emt 0:00:15]} Ne5 {[%emt 0:00:02]} 9. O-O {[%emt 0:00:09]} Nf6 {[%emt 0:00:13]} 10. f3 {[%emt 0:00:18]} exf3 {[%emt 0:00:13]} 11. exf3 {[%emt 0:00:01]} O-O {[%emt 0:00:01]} 12. Qb3 {[%emt 0:00:04]} Re8 {[%emt 0:00:47]} 13. Bd2 {[%emt 0:00:02]} Bd7 {[%emt 0:00:17]} 14. Rae1 {[%emt 0:00:03]} h6 {[%emt 0:00:25]} 15. Ne6 {[%emt 0:00:02]} Bxe6 {[%emt 0:00:07]} 16. dxe6 {[%emt 0:00:01]} Rb8 {[%emt 0:00:10]} 17. c5 {[%emt 0:00:19]} Kh7 {[%emt 0:00:00]} 18. cxd6 {[%emt 0:00:03]} cxd6 {[%emt 0:00:01]} 19. Kh1 {[%emt 0:00:40]} Nc6 {[%emt 0:00:06]} 20. Be3 {[%emt 0:00:05]} d5 {[%emt 0:00:06]} 21. Bf4 {[%emt 0:00:06]} Rc8 {[%emt 0:00:01]} 22. Qxb7 {[%emt 0:00:02]} d4 {[%emt 0:00:07]} 23. Nb5 {[%emt 0:00:01]} d3 {[%emt 0:00:02]} 24. Nd6 {[%emt 0:00:02]} Nd4 {[%emt 0:00:03]} 25. Nxc8 {[%emt 0:00:04]} Qxc8 {[%emt 0:00:01]} 26. Qxc8 {[%emt 0:00:02]} Rxc8 {[%emt 0:00:01]} 27. Rd1 {[%emt 0:00:02]} Nxe6 {[%emt 0:00:01]} 28. Rxd3 {[%emt 0:00:03]} Nxf4 {[%emt 0:00:01]} 29. gxf4 {[%emt 0:00:01]} Rc4 {[%emt 0:00:02]} 30. Re1 {[%emt 0:00:05]} Rxf4 {[%emt 0:00:05]} 31. Re7 {[%emt 0:00:02]} Rc4 {[%emt 0:00:01]} 32. Kg1 {[%emt 0:00:10]} h5 {[%emt 0:00:01]} 33. Rb3 {[%emt 0:00:23]} Kh6 {[%emt 0:00:05]} 34. Kf1 {[%emt 0:00:08]} Nd5 {[%emt 0:00:02]} 35. Rxa7 {[%emt 0:00:04]} Rc1+ {[%emt 0:00:02]} 36. Ke2 {[%emt 0:00:03]} Nf4+ {[%emt 0:00:00]} 37. Kd2 {[%emt 0:00:01]} Rg1 {[%emt 0:00:02]} 38. Rbb7 {[%emt 0:00:04]} Rxg2+ {[%emt 0:00:02]} 39. Ke3 {[%emt 0:00:05]} Ne6 {[%emt 0:00:02]} 40. h4 {[%emt 0:00:02]} Bd4+ {[%emt 0:00:01]} 41. Kd3 {[%emt 0:00:02]} Bxa7 {[%emt 0:00:01]} 42. Rxa7 {[%emt 0:00:00]} Rxb2 {[%emt 0:00:01]} 43. a4 {[%emt 0:00:03]} Rb4 {[%emt 0:00:03]} 44. a5 {[%emt 0:00:03]} Rxh4 {[%emt 0:00:01]} 45. a6 {[%emt 0:00:01]} Ra4 {[%emt 0:00:01]} 46. Ra8 {[%emt 0:00:04]} Rxa6 {[%emt 0:00:13]} 47. Rxa6 {[%emt 0:00:02]} Nc5+ {[%emt 0:00:00]} 48. Kd4 {[%emt 0:00:01]} Nxa6 {[%emt 0:00:00]} 0-1

[Event "EWIBCC 2019"]
[Site "Monte-Carlo"]
[Date "2019.11.29"]
[Round "5.4"]
[White "Chiburdanidze, Maia"]
[Black "Berend, Elvira"]
[Result "1-0"]
[WhiteElo "2500"]
[BlackElo "2349"]
[Annotator "RC"]
[PlyCount "97"]
[EventDate "2019.11.29"]
[EventType "swiss"]
[EventCountry "MNC"]
[SourceTitle "playchess.com"]
[Source "ChessBase"]
[SourceQuality "1"]
[TimeControl "180+2"]

1. d4 {[%emt 0:00:00]} Nf6 {[%emt 0:00:00]} 2. Nf3 {[%emt 0:00:00]} e6 {[%emt 0:00:01]} 3. e3 {[%emt 0:00:02]} c5 {[%emt 0:00:01]} 4. Bd3 {[%emt 0:00:03]} b6 {[%emt 0:00:02]} 5. O-O {[%emt 0:00:03]} Bb7 {[%emt 0:00:01]} 6. b3 {[%emt 0:00:01]} Be7 {[%emt 0:00:06]} 7. Bb2 {[%emt 0:00:02]} O-O {[%emt 0:00:04]} 8. Qe2 {[%emt 0:00:01]} d5 {[%emt 0:00:09]} 9. Nbd2 {[%emt 0:00:03]} Nc6 {[%emt 0:00:01]} 10. a3 {[%emt 0:00:01]} a6 {[%emt 0:00:06]} 11. Rfd1 {[%emt 0:00:10]} Qc7 {[%emt 0:00:03]} 12. Ne5 {[%emt 0:00:05]} Nxe5 {[%emt 0:00:19]} 13. dxe5 {[%emt 0:00:02]} Nd7 {[%emt 0:00:00]} 14. f4 {[%emt 0:00:12]} b5 {[%emt 0:00:20]} 15. c4 {[%emt 0:00:02]} bxc4 {[%emt 0:00:10]} 16. bxc4 {[%emt 0:00:01]} Nb6 {[%emt 0:00:10]} 17. Rac1 {[%emt 0:00:05]} f5 {[%emt 0:00:11]} 18. cxd5 {[%emt 0:01:07]} exd5 {[%emt 0:00:05]} 19. Bb1 {[%emt 0:00:01]} Rac8 {[%emt 0:00:19]} 20. Ba1 {[%emt 0:00:11]} Qc6 {[%emt 0:00:06]} 21. Nb3 {[%emt 0:00:05]} Qb5 {[%emt 0:00:07]} 22. Qa2 {[%emt 0:00:13]} Kh8 {[%emt 0:00:05]} 23. Bd3 {[%emt 0:00:12]} c4 {[%emt 0:00:02]} 24. Nd4 {[%emt 0:00:02]} Qd7 {[%emt 0:00:05]} 25. Bxf5 {[%emt 0:00:11]} Qe8 {[%emt 0:00:20]} 26. Qb1 {[%emt 0:00:08]} Bc5 {[%emt 0:00:12]} 27. Bxh7 {[%emt 0:00:08]} Rb8 {[%emt 0:00:15]} 28. Bg6 {[%emt 0:00:04]} Qe7 {[%emt 0:00:04]} 29. Qc2 {[%emt 0:00:03]} Bc8 {[%emt 0:00:02]} 30. Qe2 {[%emt 0:00:03]} Qh4 {[%emt 0:00:11]} 31. f5 {[%emt 0:00:10]} Qg5 {[%emt 0:00:08]} 32. e6 {[%emt 0:00:03]} Bxd4 {[%emt 0:00:04]} 33. Rxd4 {[%emt 0:00:02]} Bxe6 {[%emt 0:00:01]} 34. Rg4 {[%emt 0:00:10]} Qh6 {[%emt 0:00:06]} 35. fxe6 {[%emt 0:00:02]} d4 {[%emt 0:00:03]} 36. Bxd4 {[%emt 0:00:02]} Nd5 {[%emt 0:00:00]} 37. Be4 {[%emt 0:00:04]} Nf6 {[%emt 0:00:03]} 38. Rg3 {[%emt 0:00:06]} Nxe4 {[%emt 0:00:04]} 39. Rh3 {[%emt 0:00:01]} Qxh3 40. gxh3 {[%emt 0:00:01]} Rbe8 {[%emt 0:00:05]} 41. Qg4 {[%emt 0:00:02]} Nf6 {[%emt 0:00:01]} 42. Bxf6 {[%emt 0:00:05]} Rxf6 {[%emt 0:00:01]} 43. Rxc4 {[%emt 0:00:01]} Rfxe6 {[%emt 0:00:00]} 44. Rc8 {[%emt 0:00:03]} Rxc8 {[%emt 0:00:15]} 45. Qxe6 {[%emt 0:00:01]} Rc1+ {[%emt 0:00:00]} 46. Kf2 {[%emt 0:00:01]} Rc2+ {[%emt 0:00:00]} 47. Kg3 {[%emt 0:00:01]} Rc3 {[%emt 0:00:00]} 48. Qxa6 {[%emt 0:00:03]} Rxe3+ {[%emt 0:00:00]} 49. Kg4 {[%emt 0:00:01]} 1-0

[Event "EWIBCC 2019"]
[Site "Monte-Carlo"]
[Date "2019.11.29"]
[Round "5.5"]
[White "Socko, Monika"]
[Black "Muzychuk, Anna"]
[Result "0-1"]
[WhiteElo "2417"]
[BlackElo "2543"]
[Annotator "TA"]
[PlyCount "72"]
[EventDate "2019.11.29"]
[EventType "swiss"]
[EventCountry "MNC"]
[SourceTitle "playchess.com"]
[Source "ChessBase"]
[SourceQuality "1"]

{[%evp 10,72,40,41,27,14,57,46,54,64,39,-37,-22,-64,-64,-51,-46,-50,-22,-29,-34,-65,-58,-96,-70,-246,-234,-341,-333,-318,-110,-647,-641,-1326,-1286,-1275,-1242,-1301,-963,-1019,-981,-875,-408,-398,-368,-531,-393,-398,-395,-1029,-991,-29989,-29990,-29990,-29983,-29983,-29981,-12841,-812,-29989,-29990,-29993,-29994,-29994,-29995]} 1. d4 f5 2. g3 Nf6 3. Bg2 g6 4. c4 Bg7 5. Nh3 d6 6. Nc3 c6 {A86: Dutch Defence: Leningrad System: Unusual lines and 5 Nh3} (6... O-O 7. O-O c6 8. d5 Qe8 9. Nf4 Na6 10. Rb1 Nc5 11. b4 Nce4 12. Bb2 e5 13. dxe6 Bxe6 14. Nxe4 fxe4 15. Nxe6 Qxe6 16. Qb3 Rf7 17. Rbd1 Raf8 18. e3 {½-½ (49) Panchanathan,M (2494)-Swiercz,D (2670) Greensboro 2019}) 7. d5 e5 8. dxe6 Bxe6 {White is slightly better.} 9. Qb3 Qe7 10. O-O (10. Bf4 $14) 10... Na6 $1 $15 11. a4 $146 ({Predecessor:} 11. Bf4 Nc5 12. Qd1 Rd8 13. b4 Nce4 14. Rc1 {½-½ (44) Wen,Y (2549)-Liu,G (2260) Beijing 2012}) 11... Nc5 12. Qa2 $1 a5 13. Ng5 O-O 14. Nxe6 Qxe6 15. Be3 Ng4 $36 {[%mdl 2048] Black has the initiative.} 16. Bf4 Be5 17. Bg5 $2 {[#]} ({White should play} 17. e3 $15) 17... f4 $1 $19 18. Nd5 (18. gxf4 $142 Bxf4 19. Bxf4 Rxf4 20. h3) 18... fxg3 19. hxg3 Kg7 $2 (19... Bxg3 $19 {has better winning chances.} 20. fxg3 Qe5) 20. Nc7 $2 {[%mdl 8192]} (20. Nf4 $17 Qf5 21. Nh3) 20... Qf5 $1 {[%csl LRf2,LRg5][%mdl 64] Double Attack} 21. b4 Qxg5 22. Bf3 axb4 23. Nxa8 Rxa8 24. Rab1 b3 25. Rxb3 Bd4 (25... Rxa4 $142 26. Rxb7+ Kh6 27. Qxa4 Nxa4 28. Bxg4 Qxg4 {[%mdl 64] Double Attack}) 26. e3 Be5 {White must now prevent ...Rf8.} ({Not} 26... Nxb3 27. Qxb3 Rf8 28. exd4 $11) 27. Kg2 (27. Ra3 $142) 27... Nxb3 28. Qxb3 Rf8 {...Bxg3! is the strong threat.} 29. Qxb7+ $2 (29. Bxg4 Qxg4 30. f4) 29... Rf7 30. Qxc6 {[#]} Nxe3+ $1 {[%mdl 576] Double Attack} 31. Kg1 (31. fxe3 Qxg3+) 31... Nxf1 32. Kxf1 Qc1+ 33. Kg2 Qc2 34. a5 Bd4 {Black mates.} 35. Qd5 Qxf2+ 36. Kh3 Rxf3 {Accuracy: White = 22%, Black = 46%.} 0-1

[Event "EWIBCC 2019"]
[Site "Monte-Carlo"]
[Date "2019.11.29"]
[Round "5.6"]
[White "Dornbusch, Tatiana"]
[Black "Michna, Marta"]
[Result "0-1"]
[WhiteElo "2269"]
[BlackElo "2366"]
[Annotator "NA"]
[PlyCount "136"]
[EventDate "2019.11.29"]
[EventType "swiss"]
[EventCountry "MNC"]
[SourceTitle "playchess.com"]
[Source "ChessBase"]
[SourceQuality "1"]
[TimeControl "180+2"]

1. d4 {[%emt 0:00:00]} Nf6 {[%emt 0:00:00]} 2. Nf3 {[%emt 0:00:01]} d6 {[%emt 0:00:00]} 3. g3 {[%emt 0:00:02]} Nbd7 {[%emt 0:00:02]} 4. Bg2 {[%emt 0:00:02]} e5 {[%emt 0:00:01]} 5. c4 {[%emt 0:00:13]} Be7 {[%emt 0:00:02]} 6. O-O {[%emt 0:00:06]} O-O {[%emt 0:00:02]} 7. Nc3 {[%emt 0:00:01]} c6 {[%emt 0:00:03]} 8. e4 {[%emt 0:00:11]} Qc7 {[%emt 0:00:02]} 9. h3 {[%emt 0:00:03]} Re8 {[%emt 0:00:01]} 10. Be3 {[%emt 0:00:07]} Bf8 {[%emt 0:00:08]} 11. d5 {[%emt 0:00:31]} a6 {[%emt 0:00:14]} 12. Rc1 {[%emt 0:00:11]} c5 {[%emt 0:00:09]} 13. Nh4 {[%emt 0:00:09]} g6 {[%emt 0:00:04]} 14. f4 {[%emt 0:00:03]} exf4 {[%emt 0:00:07]} 15. gxf4 {[%emt 0:00:02]} Bg7 {[%emt 0:00:06]} 16. Qc2 {[%emt 0:00:31]} Nh5 {[%emt 0:00:27]} 17. Nf3 {[%emt 0:00:01]} Qd8 {[%emt 0:00:06]} 18. Kh2 {[%emt 0:00:04]} Rb8 {[%emt 0:00:04]} 19. a4 {[%emt 0:00:07]} b6 {[%emt 0:00:09]} 20. Qd3 {[%emt 0:00:17]} Nf8 {[%emt 0:00:21]} 21. Bd2 {[%emt 0:00:03]} f5 {[%emt 0:00:33]} 22. e5 {[%emt 0:00:07]} dxe5 {[%emt 0:00:01]} 23. fxe5 {[%emt 0:00:01]} Rxe5 {[%emt 0:00:01]} 24. Nxe5 Bxe5+ {[%emt 0:00:01]} 25. Kg1 {[%emt 0:00:07]} Qd6 {[%emt 0:00:12]} 26. Ne2 {[%emt 0:00:01]} Bd7 {[%emt 0:00:05]} 27. b3 {[%emt 0:00:04]} Re8 {[%emt 0:00:03]} 28. Bf3 {[%emt 0:00:02]} Bd4+ {[%emt 0:00:11]} 29. Nxd4 {[%emt 0:00:03]} Qg3+ {[%emt 0:00:01]} 30. Kh1 {[%emt 0:00:06]} Qxh3+ {[%emt 0:00:04]} 31. Kg1 {[%emt 0:00:00]} Qg3+ {[%emt 0:00:02]} 32. Kh1 {[%emt 0:00:01]} Qh3+ {[%emt 0:00:11]} 33. Kg1 {[%emt 0:00:01]} cxd4 {[%emt 0:00:10]} 34. Rf2 {[%emt 0:00:01]} f4 {[%emt 0:00:06]} 35. Qxd4 {[%emt 0:00:07]} Ng3 {[%emt 0:00:01]} 36. Rh2 {[%emt 0:00:04]} Qf5 {[%emt 0:00:01]} 37. Qxf4 {[%emt 0:00:04]} Qxf4 {[%emt 0:00:02]} 38. Bxf4 {[%emt 0:00:01]} Nf5 {[%emt 0:00:02]} 39. Re2 {[%emt 0:00:05]} Rc8 {[%emt 0:00:05]} 40. Be5 {[%emt 0:00:02]} Nh4 {[%emt 0:00:03]} 41. Be4 {[%emt 0:00:03]} Bg4 {[%emt 0:00:01]} 42. Rf2 {[%emt 0:00:03]} Nd7 {[%emt 0:00:02]} 43. Bd4 {[%emt 0:00:03]} Re8 {[%emt 0:00:00]} 44. Re1 {[%emt 0:00:03]} Nf3+ {[%emt 0:00:01]} 45. Rxf3 {[%emt 0:00:07]} Bxf3 {[%emt 0:00:01]} 46. Bxf3 {[%emt 0:00:01]} Rxe1+ {[%emt 0:00:01]} 47. Kf2 {[%emt 0:00:00]} Rb1 {[%emt 0:00:01]} 48. Bg4 {[%emt 0:00:03]} Nf8 {[%emt 0:00:01]} 49. Bxb6 {[%emt 0:00:02]} Rxb3 {[%emt 0:00:01]} 50. a5 {[%emt 0:00:01]} Rb4 {[%emt 0:00:02]} 51. Be2 {[%emt 0:00:01]} Rb2 {[%emt 0:00:01]} 52. d6 {[%emt 0:00:02]} Kf7 {[%emt 0:00:01]} 53. d7 {[%emt 0:00:02]} Nxd7 {[%emt 0:00:01]} 54. c5 {[%emt 0:00:01]} Ke6 {[%emt 0:00:07]} 55. Ke3 {[%emt 0:00:01]} Nxb6 {[%emt 0:00:05]} 56. cxb6 {[%emt 0:00:01]} Kd7 {[%emt 0:00:02]} 57. Bxa6 {[%emt 0:00:01]} Ra2 {[%emt 0:00:01]} 58. Bb5+ {[%emt 0:00:02]} Kc8 {[%emt 0:00:00]} 59. a6 {[%emt 0:00:00]} Ra5 {[%emt 0:00:04]} 60. a7 {[%emt 0:00:02]} Kb7 {[%emt 0:00:01]} 61. Bc4 {[%emt 0:00:16]} Kxb6 {[%emt 0:00:01]} 62. Bg8 {[%emt 0:00:03]} Rxa7 {[%emt 0:00:00]} 63. Kf4 {[%emt 0:00:02]} h6 {[%emt 0:00:04]} 64. Kg4 {[%emt 0:00:03]} Ra4+ {[%emt 0:00:01]} 65. Kg3 {[%emt 0:00:01]} Kc5 {[%emt 0:00:00]} 66. Bf7 {[%emt 0:00:02]} Ra6 {[%emt 0:00:01]} 67. Kg4 {[%emt 0:00:26]} Kd4 68. Kh4 {[%emt 0:00:00]} Ke5 {[%emt 0:00:00]} 0-1

[Event "EWIBCC 2019"]
[Site "Monte-Carlo"]
[Date "2019.11.29"]
[Round "5.8"]
[White "Benmesbah, Natacha"]
[Black "Buksa, Nataliya"]
[Result "0-1"]
[WhiteElo "2265"]
[BlackElo "2410"]
[Annotator "NA"]
[PlyCount "60"]
[EventDate "2019.11.29"]
[EventType "swiss"]
[EventCountry "MNC"]
[SourceTitle "playchess.com"]
[Source "ChessBase"]
[SourceQuality "1"]
[TimeControl "180+2"]

1. e4 {[%emt 0:00:00]} c5 {[%emt 0:00:00]} 2. Nf3 {[%emt 0:00:00]} Nc6 {[%emt 0:00:00]} 3. Bb5 {[%emt 0:00:01]} g6 {[%emt 0:00:00]} 4. Bxc6 {[%emt 0:00:01]} dxc6 {[%emt 0:00:00]} 5. d3 {[%emt 0:00:03]} Bg7 {[%emt 0:00:00]} 6. h3 {[%emt 0:00:03]} Nf6 {[%emt 0:00:01]} 7. Nc3 {[%emt 0:00:12]} Nd7 {[%emt 0:00:01]} 8. O-O {[%emt 0:00:05]} e5 {[%emt 0:00:03]} 9. Be3 {[%emt 0:00:39]} b6 {[%emt 0:00:01]} 10. Qd2 {[%emt 0:00:04]} Nf8 {[%emt 0:00:01]} 11. a3 {[%emt 0:00:16]} Ne6 {[%emt 0:00:18]} 12. b4 {[%emt 0:00:01]} Nd4 {[%emt 0:00:17]} 13. Nh2 {[%emt 0:00:11]} Be6 {[%emt 0:00:07]} 14. bxc5 {[%emt 0:00:11]} bxc5 {[%emt 0:00:01]} 15. Rab1 {[%emt 0:00:13]} O-O {[%emt 0:00:02]} 16. Na4 {[%emt 0:00:23]} Qe7 {[%emt 0:00:06]} 17. c3 {[%emt 0:00:04]} Nb3 {[%emt 0:00:13]} 18. Rxb3 {[%emt 0:00:01]} Bxb3 {[%emt 0:02:25]} 19. Bxc5 {[%emt 0:00:03]} Qe8 {[%emt 0:00:00]} 20. Nb2 {[%emt 0:00:03]} Qd8 {[%emt 0:00:00]} 21. Bxf8 {[%emt 0:00:03]} Bxf8 {[%emt 0:00:00]} 22. c4 {[%emt 0:01:07]} Qd6 {[%emt 0:00:00]} 23. a4 {[%emt 0:00:00]} Qb4 {[%emt 0:00:00]} 24. Nf3 {[%emt 0:00:00]} f6 {[%emt 0:00:00]} 25. Rb1 {[%emt 0:00:00]} Rb8 {[%emt 0:00:00]} 26. Nd1 {[%emt 0:00:00]} Qxa4 {[%emt 0:00:00]} 27. Nc3 {[%emt 0:00:00]} Qa5 {[%emt 0:00:00]} 28. Nd1 {[%emt 0:00:01]} Qc7 {[%emt 0:00:00]} 29. Qb2 {[%emt 0:00:06]} Bd6 {[%emt 0:00:00]} 30. Nd2 {[%emt 0:00:03]} Bxd1 {[%emt 0:00:00]} 0-1

[Event "EWIBCC 2019"]
[Site "Monte-Carlo"]
[Date "2019.11.29"]
[Round "5.9"]
[White "Guichard, Pauline"]
[Black "Daulyte-Cornette, Deimante"]
[Result "1-0"]
[WhiteElo "2407"]
[BlackElo "2405"]
[Annotator "RC"]
[PlyCount "78"]
[EventDate "2019.11.29"]
[EventType "swiss"]
[EventCountry "MNC"]
[SourceTitle "playchess.com"]
[Source "ChessBase"]
[SourceQuality "1"]
[TimeControl "180+2"]

1. c4 {[%emt 0:00:00]} b6 {[%emt 0:00:00]} 2. e4 {[%emt 0:00:05]} Bb7 {[%emt 0:00:03]} 3. Nc3 {[%emt 0:00:01]} e5 {[%emt 0:00:02]} 4. g3 {[%emt 0:00:09]} f5 {[%emt 0:00:02]} 5. d3 {[%emt 0:00:06]} Nf6 {[%emt 0:00:09]} 6. Bg2 {[%emt 0:00:03]} Bc5 {[%emt 0:00:04]} 7. Nge2 {[%emt 0:00:12]} O-O {[%emt 0:00:08]} 8. O-O {[%emt 0:00:04]} fxe4 {[%emt 0:00:04]} 9. Nxe4 {[%emt 0:00:21]} Nxe4 {[%emt 0:00:06]} 10. dxe4 {[%emt 0:00:09]} Nc6 {[%emt 0:00:22]} 11. Bd2 {[%emt 0:00:25]} Rf7 {[%emt 0:00:07]} 12. Nc3 {[%emt 0:00:22]} Qf8 {[%emt 0:00:07]} 13. Qe1 {[%emt 0:00:27]} Nd4 {[%emt 0:00:55]} 14. Rc1 {[%emt 0:00:01]} Nf3+ {[%emt 0:00:12]} 15. Bxf3 {[%emt 0:00:02]} Rxf3 {[%emt 0:00:01]} 16. Nd5 {[%emt 0:00:11]} Bxd5 {[%emt 0:00:03]} 17. cxd5 {[%emt 0:00:08]} a5 {[%emt 0:00:17]} 18. a3 {[%emt 0:00:07]} a4 {[%emt 0:00:06]} 19. Bb4 {[%emt 0:00:01]} d6 {[%emt 0:00:10]} 20. Bxc5 {[%emt 0:00:04]} bxc5 {[%emt 0:00:01]} 21. Rc3 {[%emt 0:00:14]} Rb8 {[%emt 0:00:03]} 22. Qc1 {[%emt 0:00:05]} Rb3 {[%emt 0:00:07]} 23. Rxf3 {[%emt 0:00:04]} Qxf3 {[%emt 0:00:02]} 24. Qc4 {[%emt 0:00:01]} Rxb2 {[%emt 0:00:19]} 25. Qxa4 {[%emt 0:00:02]} h6 {[%emt 0:00:03]} 26. h4 {[%emt 0:00:21]} Kh7 {[%emt 0:00:03]} 27. Qd7 {[%emt 0:00:05]} Ra2 {[%emt 0:00:06]} 28. Qxc7 {[%emt 0:00:01]} Qxe4 {[%emt 0:00:06]} 29. Qxd6 {[%emt 0:00:02]} c4 {[%emt 0:00:01]} 30. Qc5 {[%emt 0:00:02]} Qd3 {[%emt 0:00:04]} 31. d6 {[%emt 0:00:02]} Rd2 {[%emt 0:00:01]} 32. Qxe5 {[%emt 0:00:01]} Qxd6 {[%emt 0:00:01]} 33. Qf5+ {[%emt 0:00:02]} Qg6 {[%emt 0:00:03]} 34. Qxg6+ Kxg6 {[%emt 0:00:01]} 35. Rc1 {[%emt 0:00:03]} Rd4 {[%emt 0:00:02]} 36. a4 {[%emt 0:00:02]} Kf5 {[%emt 0:00:01]} 37. a5 {[%emt 0:00:00]} Ke4 {[%emt 0:00:01]} 38. a6 {[%emt 0:00:02]} Rd6 {[%emt 0:00:10]} 39. Re1+ {[%emt 0:00:02]} Kf5 {[%emt 0:00:05]} 1-0